000 01269nam2a22002771 4500
001 rc\2192501
005 20110829164244.5
035 _a(NLR Aleph) 006510236
090 _a6322556
_c6322556
100 _a20110829d1991 |||y0rusy50 ca
101 0 _arus
102 _aRU
105 _ay z |||||
200 1 _aПакет прикладных программ CDS/ISIS/M
_eВерсия 2.3
_f[Подгот. С.М. Васильевым, Б.А. Ожогиным]
210 _d1991
215 _a255 с.
461 0 _1001rc\1189636
_12001#$aМетодические материалы и документация по пакетам прикладных программ$fМеждунар. центр науч. и техн. информ.$vВып. 70
_96963736
_cМ.
_d1980
_fМеждунар. центр науч. и техн. информ.
_nМЦНТИ
_tМетодические материалы и документация по пакетам прикладных программ
_vВып. 70
702 1 _aОжогин
_bБ. А.
_4220
702 1 _aВасильев
_bС. М.
_4220
801 0 _aRU
_bNLR
_gpsbo
801 1 _aRU
_bELAR
_2rusmarc
852 _aNLR
_j79-8/681
899 _aRuMoRGB
_j12 87-3/68
899 _aRuMoRGB
_j12 87-3/7-6
942 _cBOOK
980 _aNB